000
00249nam a22001097a 4500
040
_c
SY
082
_a
174
100
_a
ឌុក ឆេង
245
_a
អំប៊្រីយ៉ូវិទ្យា
260
_a
RUA
_b
ឌុក
_c
2011
942
_c
KB
999
_c
9815
_d
9815